000 00521nam a2200193Ia 4500
008 151121s9999||||xx |||||||||||||| ||und||
082 _a814/कलंद
082 _bHNW-69942
100 _aकलंदर
245 _aकानोकानी
260 _b"रोहन प्रकाशन, पुणे।"
260 _c--
300 _a175
600 _aकलंदर
630 _aकानोकानी
700 _aकलंदर
730 _aकानोकानी
942 _cBOOK
999 _c1251421
_d1251418